[Event "WYCC 2018 O16"]
[Site "Halkidiki"]
[Date "2018.10.27"]
[Round "8"]
[White "Sargsyan, Tigran R."]
[Black "Kaasen, Tor Fredrik"]
[Result "1/2-1/2"]
[WhiteElo "2218"]
[BlackElo "2388"]
[Annotator "NA"]
[PlyCount "145"]
[EventDate "2018.10.20"]
[EventType "swiss"]
[EventCountry "GRE"]
[SourceTitle "playchess.com"]
[Source "ChessBase"]
[SourceQuality "1"]
[TimeControl "40/5400+30:1800+30"]

1. d4 {[%emt 0:00:00]} Nf6 {[%emt 0:00:00]} 2. c4 {[%emt 0:00:00]} e6 {[%emt 0:00:01]} 3. Nf3 {[%emt 0:00:33]} b6 {[%emt 0:00:07]} 4. g3 {[%emt 0:03:05]} Ba6 {[%emt 0:00:17]} 5. b3 {[%emt 0:00:24]} d5 {[%emt 0:01:02]} 6. Bg2 {[%emt 0:00:52]} Bb4+ $11 {[%emt 0:00:29] LiveBook: 224 Games} 7. Bd2 {[%emt 0:00:12]} Bd6 {[%emt 0:00:06]} 8. Qc2 {[%emt 0:06:08]} O-O {[%emt 0:02:11]} 9. Nc3 {[%emt 0:04:02]} Nbd7 {[%emt 0:04:16]} 10. e4 dxe4 {[%emt 0:08:36]} 11. Ng5 {[%emt 0:11:58]} Bb7 {[%emt 0:04:13]} 12. Ngxe4 {[%emt 0:02:36]} Nxe4 {[%emt 0:01:54]} 13. Nxe4 {[%emt 0:00:13]} Rb8 {[%emt 0:04:16]} 14. O-O {[%emt 0:17:44]} Be7 {[%emt 0:10:49]} 15. Bf4 {[%emt 0:01:27]} Nf6 {[%emt 0:03:10]} 16. Rad1 Nxe4 17. Bxe4 {[%emt 0:00:37]} Bxe4 {[%emt 0:00:39]} 18. Qxe4 {[%emt 0:09:20]} Bd6 {[%emt 0:02:30]} 19. Be3 {[%emt 0:05:40]} Re8 {[%emt 0:08:47]} 20. Qc6 {[%emt 0:01:30]} Bf8 {[%emt 0:01:59]} 21. Bf4 {[%emt 0:01:12]} Bd6 {[%emt 0:00:48]} 22. Be3 {[%emt 0:05:24]} Bf8 23. c5 {[%emt 0:00:30]} Rc8 {[%emt 0:03:27]} 24. d5 {[%emt 0:02:37]} exd5 {[%emt 0:06:21]} 25. Rxd5 {[%emt 0:00:36]} Qe7 {[%emt 0:00:04]} 26. Rd7 {[%emt 0:14:36]} Qe6 {[%emt 0:02:31]} 27. Qxe6 {[%emt 0:00:22]} Rxe6 {[%emt 0:00:06]} 28. Rfd1 {[%emt 0:05:50]} bxc5 {[%emt 0:02:36]} 29. Rd8 {[%emt 0:01:07]} Rxd8 {[%emt 0:01:54]} 30. Rxd8 {[%emt 0:00:02]} Rc6 {[%emt 0:00:39]} 31. Rc8 {[%emt 0:03:22]} f6 {[%emt 0:04:41]} 32. Bf4 {[%emt 0:00:24]} Ra6 {[%emt 0:01:01]} 33. a4 {[%emt 0:01:36]} g5 {[%emt 0:00:14]} 34. Be3 {[%emt 0:01:08]} Rc6 {[%emt 0:00:11]} 35. f4 {[%emt 0:00:33]} h6 {[%emt 0:01:22]} 36. fxg5 {[%emt 0:00:06]} fxg5 {[%emt 0:02:20]} 37. h4 {[%emt 0:00:33]} gxh4 {[%emt 0:01:44]} 38. gxh4 {[%emt 0:00:01]} Kf7 {[%emt 0:01:26]} 39. Bf4 {[%emt 0:00:47]} Rg6+ {[%emt 0:01:59]} 40. Kf2 {[%emt 0:00:00]} Bd6 {[%emt 0:00:00]} 41. Bxd6 {[%emt 0:02:43]} cxd6 {[%emt 0:00:55]} 42. Rc7+ {[%emt 0:02:30]} Ke6 {[%emt 0:00:06]} 43. Rxa7 {[%emt 0:00:22]} Rg4 {[%emt 0:00:08]} 44. h5 {[%emt 0:01:50]} Rh4 {[%emt 0:04:30]} 45. Ke2 {[%emt 0:12:57]} Rxh5 {[%emt 0:00:41]} 46. Kd3 {[%emt 0:00:13]} Kd5 {[%emt 0:00:08]} 47. Rh7 {[%emt 0:00:55]} Rh3+ {[%emt 0:00:10]} 48. Kc2 {[%emt 0:00:03]} Kd4 {[%emt 0:00:11]} 49. Kb2 {[%emt 0:00:36]} Rh2+ {[%emt 0:09:39]} 50. Ka3 {[%emt 0:00:09]} Kc3 {[%emt 0:01:52]} 51. Rg7 {[%emt 0:00:41]} Rh1 {[%emt 0:04:15]} 52. Rg3+ {[%emt 0:00:43]} Kd4 {[%emt 0:00:02]} 53. Kb2 {[%emt 0:02:01]} Rh2+ {[%emt 0:05:34]} 54. Ka3 {[%emt 0:00:14]} Kd5 {[%emt 0:01:44]} 55. Rg6 {[%emt 0:04:22]} Kc6 {[%emt 0:02:27]} 56. a5 {[%emt 0:02:45]} Rd2 {[%emt 0:01:09]} 57. Rxh6 {[%emt 0:01:57]} Kb5 {[%emt 0:00:15]} 58. Rh5 {[%emt 0:01:29]} d5 {[%emt 0:00:05]} 59. Rh4 {[%emt 0:00:44]} d4 {[%emt 0:01:36]} 60. Rh5 {[%emt 0:00:37]} Rc2 61. Rd5 {[%emt 0:01:05]} Rc3 {[%emt 0:00:43]} 62. a6 {[%emt 0:00:52]} Kxa6 {[%emt 0:00:06]} 63. Ka4 Rc1 {[%emt 0:08:28]} 64. Rd6+ {[%emt 0:02:35]} Kb7 {[%emt 0:00:59]} 65. b4 {[%emt 0:00:53]} c4 66. Rxd4 Kc6 67. Ka3 {[%emt 0:00:51]} Rc3+ {[%emt 0:00:43]} 68. Kb2 {[%emt 0:00:17]} Rb3+ {[%emt 0:00:08]} 69. Kc2 {[%emt 0:00:05]} Rxb4 {[%emt 0:00:01]} 70. Rh4 {[%emt 0:00:16]} Ra4 {[%emt 0:00:32]} 71. Kc3 {[%emt 0:00:08]} Ra3+ {[%emt 0:00:08]} 72. Kb4 {[%emt 0:00:08]} Rb3+ {[%emt 0:00:07]} 73. Kxc4 {[%emt 0:00:05]} 1/2-1/2

[Event "WYCC 2018 O16"]
[Site "Halkidiki"]
[Date "2018.10.27"]
[Round "8"]
[White "Petkov, Matey"]
[Black "Lianes Garcia, Marcos"]
[Result "1-0"]
[WhiteElo "2164"]
[BlackElo "2376"]
[Annotator "NA"]
[PlyCount "119"]
[EventDate "2018.10.20"]
[EventType "swiss"]
[EventCountry "GRE"]
[SourceTitle "playchess.com"]
[Source "ChessBase"]
[SourceQuality "1"]
[TimeControl "40/5400+30:1800+30"]

1. d4 {[%emt 0:00:00]} Nf6 {[%emt 0:00:00]} 2. Bg5 {[%emt 0:00:20]} d5 {[%emt 0:00:54]} 3. Bxf6 {[%emt 0:00:39]} exf6 {[%emt 0:00:44]} 4. e3 {[%emt 0:00:33]} Bd6 {[%emt 0:00:28]} 5. g3 {[%emt 0:00:08]} O-O {[%emt 0:00:50]} 6. Bg2 {[%emt 0:00:07]} c6 {[%emt 0:00:35]} 7. Ne2 {[%emt 0:00:27]} f5 {[%emt 0:04:34]} 8. O-O {[%emt 0:00:24]} Nd7 {[%emt 0:00:34]} 9. b3 {[%emt 0:00:49]} Nf6 {[%emt 0:26:09]} 10. c4 {[%emt 0:01:43]} dxc4 11. bxc4 {[%emt 0:00:06]} Qe7 {[%emt 0:06:50]} 12. Nd2 {[%emt 0:08:42]} Be6 {[%emt 0:08:14]} 13. c5 {[%emt 0:03:41]} Bc7 {[%emt 0:00:55]} 14. Rb1 {[%emt 0:01:24]} Rab8 {[%emt 0:11:05]} 15. Qc2 {[%emt 0:05:41]} g6 {[%emt 0:10:02]} 16. Nc3 {[%emt 0:17:59]} Rfd8 {[%emt 0:11:38]} 17. Qa4 {[%emt 0:03:39]} a6 {[%emt 0:05:06]} 18. Rb2 {[%emt 0:02:21]} Qd7 {[%emt 0:01:18]} 19. Rfb1 {[%emt 0:02:48]} Qc8 {[%emt 0:00:04]} 20. Nc4 {[%emt 0:04:09]} f4 {[%emt 0:03:14]} 21. gxf4 {[%emt 0:18:33]} Bf5 {[%emt 0:00:00]} 22. Rc1 {[%emt 0:02:36]} Bh3 {[%emt 0:00:44]} 23. Qd1 {[%emt 0:02:51]} Bg4 {[%emt 0:02:37]} 24. Qf1 {[%emt 0:05:35]} h5 25. Ne4 Nxe4 {[%emt 0:01:36]} 26. Bxe4 {[%emt 0:00:31]} Qe6 {[%emt 0:00:36]} 27. f3 {[%emt 0:03:38]} Bh3 {[%emt 0:00:17]} 28. Qe2 {[%emt 0:00:29]} Re8 {[%emt 0:03:34]} 29. Rcb1 {[%emt 0:00:17]} Qc8 {[%emt 0:00:02]} 30. Qc2 {[%emt 0:00:48]} Be6 {[%emt 0:01:36]} 31. Bxg6 {[%emt 0:03:59]} Kh8 {[%emt 0:00:29]} 32. Bxh5 {[%emt 0:03:51]} Bxc4 {[%emt 0:00:28]} 33. Qxc4 {[%emt 0:00:06]} Rxe3 {[%emt 0:00:18]} 34. Qxf7 {[%emt 0:03:37]} Qg8+ {[%emt 0:00:12]} 35. Kf2 {[%emt 0:02:47]} Qxf7 {[%emt 0:00:14]} 36. Bxf7 {[%emt 0:00:03]} Re7 {[%emt 0:00:29]} 37. Bc4 {[%emt 0:00:34]} Bxf4 {[%emt 0:00:07]} 38. Bxa6 {[%emt 0:00:07]} Be3+ {[%emt 0:00:42]} 39. Kf1 {[%emt 0:00:34]} Rf8 {[%emt 0:01:12]} 40. Rxb7 {[%emt 0:00:00]} Rxf3+ {[%emt 0:00:00]} 41. Ke2 {[%emt 0:09:00]} Rf2+ {[%emt 0:00:47]} 42. Kd3 {[%emt 0:00:05]} Rd2+ {[%emt 0:00:20]} 43. Kc3 {[%emt 0:00:07]} Rxb7 {[%emt 0:01:11]} 44. Bxb7 {[%emt 0:00:08]} Rxd4 {[%emt 0:05:00]} 45. Re1 {[%emt 0:05:36]} Bf2 {[%emt 0:01:04]} 46. Rf1 {[%emt 0:00:06]} Rf4 {[%emt 0:03:05]} 47. Bxc6 {[%emt 0:01:39]} Bd4+ {[%emt 0:08:37]} 48. Kd3 {[%emt 0:00:16]} Rxf1 {[%emt 0:02:35]} 49. Kxd4 {[%emt 0:00:06]} Kg7 {[%emt 0:00:54]} 50. Kd5 {[%emt 0:00:51]} Rf2 {[%emt 0:08:26]} 51. a4 {[%emt 0:00:06]} Kf6 {[%emt 0:01:02]} 52. Kd6 {[%emt 0:00:55]} Rxh2 {[%emt 0:02:16]} 53. Bb5 {[%emt 0:05:43]} Rd2+ {[%emt 0:00:34]} 54. Kc7 {[%emt 0:00:07]} Ke6 {[%emt 0:01:33]} 55. c6 {[%emt 0:00:35]} Rh2 {[%emt 0:00:15]} 56. a5 {[%emt 0:00:31]} Rh7+ {[%emt 0:00:42]} 57. Kb6 {[%emt 0:00:17]} Kd6 {[%emt 0:00:10]} 58. a6 {[%emt 0:00:09]} Rh8 {[%emt 0:00:36]} 59. a7 {[%emt 0:00:34]} Rf8 {[%emt 0:00:48]} 60. Ba6 {[%emt 0:00:34]} 1-0

[Event "WYCC 2018 O16"]
[Site "Halkidiki"]
[Date "2018.10.27"]
[Round "8"]
[White "Vatsal Singhania"]
[Black "Kamer, Kayra"]
[Result "0-1"]
[WhiteElo "2128"]
[BlackElo "2290"]
[Annotator "NA"]
[PlyCount "144"]
[EventDate "2018.10.20"]
[EventType "swiss"]
[EventCountry "GRE"]
[SourceTitle "playchess.com"]
[Source "ChessBase"]
[SourceQuality "1"]
[TimeControl "40/5400+30:1800+30"]

1. e4 {[%emt 0:00:00]} c5 {[%emt 0:00:00]} 2. Nf3 {[%emt 0:00:00]} e6 {[%emt 0:00:00]} 3. d4 {[%emt 0:00:00]} cxd4 {[%emt 0:00:00]} 4. Nxd4 {[%emt 0:00:00]} a6 {[%emt 0:00:00]} 5. c4 {[%emt 0:00:00]} Nf6 {[%emt 0:00:00]} 6. Nc3 {[%emt 0:00:05]} Qc7 {[%emt 0:00:00]} 7. a3 {[%emt 0:00:08]} b6 {[%emt 0:00:00]} 8. Be3 {[%emt 0:00:06]} Bb7 {[%emt 0:00:00]} 9. f3 {[%emt 0:00:07]} Be7 {[%emt 0:00:28]} 10. Be2 {[%emt 0:00:07]} O-O {[%emt 0:00:06]} 11. Rc1 {[%emt 0:00:07]} d6 {[%emt 0:00:14]} 12. O-O {[%emt 0:00:07]} Nbd7 {[%emt 0:00:02]} 13. b4 {[%emt 0:00:06]} Rac8 {[%emt 0:00:02]} 14. Qd2 {[%emt 0:00:09]} Qb8 {[%emt 0:00:05]} 15. Rc2 {[%emt 0:00:11]} Rfe8 {[%emt 0:01:46]} 16. Kh1 {[%emt 0:00:09]} Ne5 {[%emt 0:02:37]} 17. Na4 {[%emt 0:01:23]} Nfd7 {[%emt 0:02:44]} 18. Rb1 {[%emt 0:08:31]} h5 {[%emt 0:05:52]} 19. Qc1 {[%emt 0:15:06]} Qa8 {[%emt 0:03:27]} 20. Nb3 {[%emt 0:04:24]} Bd8 {[%emt 0:00:54]} 21. c5 {[%emt 0:02:21]} b5 {[%emt 0:01:23]} 22. Nb2 {[%emt 0:03:35]} d5 {[%emt 0:00:21]} 23. exd5 {[%emt 0:00:17]} Bxd5 {[%emt 0:00:22]} 24. Nd4 {[%emt 0:00:22]} h4 {[%emt 0:00:39]} 25. h3 {[%emt 0:03:08]} Nf6 {[%emt 0:01:44]} 26. Nd3 {[%emt 0:05:57]} Ng6 {[%emt 0:05:12]} 27. Nf2 {[%emt 0:10:26]} Nh5 {[%emt 0:01:25]} 28. Bd3 {[%emt 0:01:33]} Ne5 {[%emt 0:01:47]} 29. Kg1 {[%emt 0:02:33]} Nxd3 {[%emt 0:02:23]} 30. Nxd3 {[%emt 0:00:16]} Bc7 {[%emt 0:00:57]} 31. Bf2 {[%emt 0:06:54]} e5 {[%emt 0:02:51]} 32. Qg5 {[%emt 0:01:16]} g6 {[%emt 0:00:53]} 33. Ne2 {[%emt 0:03:53]} Bd8 {[%emt 0:01:43]} 34. Qh6 {[%emt 0:05:11]} Bf6 {[%emt 0:05:12]} 35. Nc3 {[%emt 0:01:38]} Rcd8 {[%emt 0:00:31]} 36. Rd2 {[%emt 0:08:28]} Bxf3 {[%emt 0:06:26]} 37. gxf3 {[%emt 0:00:20]} Qxf3 {[%emt 0:00:06]} 38. Qe3 {[%emt 0:00:14]} Qxe3 {[%emt 0:01:15]} 39. Bxe3 {[%emt 0:00:21]} e4 {[%emt 0:00:20]} 40. Nf4 {[%emt 0:00:00]} Bxc3 {[%emt 0:00:00]} 41. Rxd8 {[%emt 0:06:02]} Rxd8 {[%emt 0:04:33]} 42. Nxh5 {[%emt 0:00:05]} gxh5 {[%emt 0:00:15]} 43. Kf2 {[%emt 0:00:58]} Be5 {[%emt 0:00:47]} 44. Rg1+ {[%emt 0:02:39]} Bg3+ {[%emt 0:00:05]} 45. Ke2 {[%emt 0:00:06]} Kf8 {[%emt 0:01:44]} 46. c6 {[%emt 0:02:54]} Ke7 {[%emt 0:00:35]} 47. Rc1 {[%emt 0:03:35]} Rc8 {[%emt 0:01:02]} 48. Bb6 {[%emt 0:01:39]} f5 {[%emt 0:04:46]} 49. Rc5 {[%emt 0:03:32]} Ke6 {[%emt 0:00:31]} 50. Ke3 {[%emt 0:02:12]} Bd6 {[%emt 0:10:02]} 51. Rc2 {[%emt 0:03:39]} Kd5 {[%emt 0:00:55]} 52. c7 {[%emt 0:00:16]} f4+ {[%emt 0:00:05]} 53. Ke2 {[%emt 0:00:03]} Ke6 {[%emt 0:00:43]} 54. Rc1 {[%emt 0:01:48]} Kd7 {[%emt 0:00:28]} 55. Rf1 {[%emt 0:05:47]} Kc6 {[%emt 0:03:01]} 56. Ba5 {[%emt 0:01:00]} Bxc7 {[%emt 0:00:28]} 57. Bxc7 {[%emt 0:01:37]} Rxc7 {[%emt 0:00:05]} 58. Rxf4 {[%emt 0:00:21]} Kd5 {[%emt 0:00:01]} 59. Kd2 {[%emt 0:02:07]} Rg7 {[%emt 0:01:28]} 60. Rxh4 {[%emt 0:00:35]} Rg5 {[%emt 0:01:18]} 61. Ke3 {[%emt 0:02:07]} Rg3+ {[%emt 0:00:03]} 62. Ke2 {[%emt 0:00:04]} Rxa3 {[%emt 0:00:57]} 63. Rxh5+ {[%emt 0:00:01]} Kd4 {[%emt 0:00:07]} 64. Rh6 {[%emt 0:00:13]} Ra2+ {[%emt 0:00:07]} 65. Kf1 {[%emt 0:00:06]} Kc3 {[%emt 0:00:50]} 66. Re6 {[%emt 0:00:25]} Kxb4 {[%emt 0:00:19]} 67. Rxe4+ {[%emt 0:00:05]} Ka3 {[%emt 0:00:10]} 68. h4 {[%emt 0:00:04]} a5 {[%emt 0:00:34]} 69. Re3+ {[%emt 0:01:06]} Ka4 {[%emt 0:00:12]} 70. Rh3 {[%emt 0:00:04]} b4 {[%emt 0:00:38]} 71. Ke1 {[%emt 0:01:20]} b3 {[%emt 0:00:06]} 72. Kd1 {[%emt 0:00:02]} Ra1+ {[%emt 0:00:05]} 0-1

[Event "WYCC 2018 O16"]
[Site "Halkidiki"]
[Date "2018.10.27"]
[Round "8"]
[White "Alivodic, Dario"]
[Black "Sahidi, Samir"]
[Result "1/2-1/2"]
[WhiteElo "2082"]
[BlackElo "2315"]
[Annotator "NA"]
[PlyCount "131"]
[EventDate "2018.10.20"]
[EventType "swiss"]
[EventCountry "GRE"]
[SourceTitle "playchess.com"]
[Source "ChessBase"]
[SourceQuality "1"]
[TimeControl "40/5400+30:1800+30"]

1. d4 {[%emt 0:00:00]} Nf6 {[%emt 0:00:00]} 2. c4 {[%emt 0:00:00]} e6 {[%emt 0:00:00]} 3. Nc3 {[%emt 0:00:00]} Bb4 {[%emt 0:00:12]} 4. f3 {[%emt 0:00:00]} d5 {[%emt 0:00:58]} 5. a3 {[%emt 0:00:00]} Bxc3+ {[%emt 0:02:48]} 6. bxc3 {[%emt 0:00:00]} b6 {[%emt 0:00:41]} 7. cxd5 {[%emt 0:07:45]} exd5 {[%emt 0:01:16]} 8. e3 {[%emt 0:01:03]} O-O {[%emt 0:02:32]} 9. Bd3 {[%emt 0:00:29]} c5 {[%emt 0:07:16]} 10. Ne2 {[%emt 0:00:47]} Ba6 {[%emt 0:03:26]} 11. O-O {[%emt 0:00:27]} Re8 {[%emt 0:03:55]} 12. Ng3 {[%emt 0:01:08]} Qd7 {[%emt 0:03:21]} 13. Bf5 {[%emt 0:09:56]} Qe7 {[%emt 0:01:40]} 14. Re1 {[%emt 0:00:26]} Nc6 {[%emt 0:05:41]} 15. Qa4 {[%emt 0:08:15]} Na5 {[%emt 0:12:18]} 16. e4 {[%emt 0:02:14]} dxe4 {[%emt 0:08:50]} 17. Nxe4 {[%emt 0:05:21]} Nxe4 {[%emt 0:01:08]} 18. Bxe4 {[%emt 0:15:27]} Qf8 {[%emt 0:11:34]} 19. Be3 {[%emt 0:04:23]} Bb7 {[%emt 0:01:39]} 20. dxc5 {[%emt 0:00:39]} Bxe4 {[%emt 0:00:17]} 21. fxe4 {[%emt 0:01:46]} Rec8 {[%emt 0:05:34]} 22. cxb6 {[%emt 0:02:22]} axb6 {[%emt 0:00:18]} 23. Qb4 {[%emt 0:03:16]} Nc4 {[%emt 0:01:09]} 24. Bd4 {[%emt 0:04:30]} Nxa3 {[%emt 0:07:04]} 25. Qb3 {[%emt 0:10:13]} b5 {[%emt 0:02:33]} 26. Rf1 {[%emt 0:02:02]} Rc7 {[%emt 0:06:48]} 27. Rf5 {[%emt 0:00:46]} h6 {[%emt 0:04:07]} 28. Raf1 {[%emt 0:01:27]} Nc4 {[%emt 0:00:21]} 29. Qxb5 {[%emt 0:08:02]} Nd6 {[%emt 0:00:23]} 30. Qe5 {[%emt 0:01:19]} Re8 {[%emt 0:00:20]} 31. Qf4 {[%emt 0:01:04]} Rxe4 {[%emt 0:00:19]} 32. Qf3 {[%emt 0:00:58]} Nxf5 {[%emt 0:01:47]} 33. Qxe4 {[%emt 0:00:08]} Nxd4 {[%emt 0:00:51]} 34. Qxd4 {[%emt 0:00:49]} Qc8 {[%emt 0:00:27]} 35. Qd5 {[%emt 0:01:48]} Rd7 {[%emt 0:00:48]} 36. Qb3 {[%emt 0:01:02]} Qc5+ {[%emt 0:00:55]} 37. Kh1 {[%emt 0:00:07]} Rc7 {[%emt 0:00:12]} 38. Rc1 {[%emt 0:00:52]} Rc8 {[%emt 0:01:02]} 39. h3 {[%emt 0:00:15]} g6 {[%emt 0:01:41]} 40. Rf1 {[%emt 0:00:00]} Rc7 {[%emt 0:00:00]} 41. Rc1 {[%emt 0:00:48]} Kg7 {[%emt 0:01:45]} 42. c4 {[%emt 0:00:11]} Qd4 {[%emt 0:00:11]} 43. Qb5 {[%emt 0:01:15]} Rc5 {[%emt 0:00:33]} 44. Qb3 {[%emt 0:00:18]} h5 {[%emt 0:00:43]} 45. Qc2 {[%emt 0:01:15]} h4 {[%emt 0:04:42]} 46. Qc3 {[%emt 0:00:37]} Qxc3 {[%emt 0:00:28]} 47. Rxc3 {[%emt 0:00:01]} Kf6 {[%emt 0:00:36]} 48. Kg1 {[%emt 0:00:03]} Ke5 {[%emt 0:00:36]} 49. Kf2 {[%emt 0:00:05]} f5 {[%emt 0:00:48]} 50. Ke3 {[%emt 0:00:10]} g5 {[%emt 0:08:55]} 51. Kd3 {[%emt 0:00:25]} Rc8 {[%emt 0:02:05]} 52. Ra3 {[%emt 0:01:41]} g4 {[%emt 0:00:42]} 53. hxg4 {[%emt 0:00:34]} fxg4 {[%emt 0:00:08]} 54. Ke3 {[%emt 0:06:14]} Rxc4 {[%emt 0:00:30]} 55. Ra5+ {[%emt 0:00:02]} Kf6 {[%emt 0:00:39]} 56. Ra6+ {[%emt 0:00:11]} Ke5 {[%emt 0:01:28]} 57. Ra5+ {[%emt 0:00:13]} Ke6 {[%emt 0:00:11]} 58. Ra6+ {[%emt 0:00:08]} Kd5 {[%emt 0:00:59]} 59. Ra5+ {[%emt 0:00:04]} Kd6 {[%emt 0:00:51]} 60. Rh5 {[%emt 0:00:27]} h3 {[%emt 0:01:08]} 61. gxh3 {[%emt 0:00:07]} gxh3 {[%emt 0:00:17]} 62. Kf2 {[%emt 0:00:05]} Rc3 {[%emt 0:00:16]} 63. Kg1 {[%emt 0:00:07]} Ke6 {[%emt 0:00:08]} 64. Kh2 {[%emt 0:00:04]} Kf6 {[%emt 0:00:05]} 65. Rxh3 {[%emt 0:00:04]} Rxh3+ {[%emt 0:00:02]} 66. Kxh3 {[%emt 0:00:16]} 1/2-1/2

[Event "WYCC 2018 O16"]
[Site "Halkidiki"]
[Date "2018.10.27"]
[Round "8"]
[White "Fernandez Garcia, Gumersindo"]
[Black "Morgunov, Daniel"]
[Result "1-0"]
[WhiteElo "2065"]
[BlackElo "2328"]
[Annotator "NA"]
[PlyCount "77"]
[EventDate "2018.10.20"]
[EventType "swiss"]
[EventCountry "GRE"]
[SourceTitle "playchess.com"]
[Source "ChessBase"]
[SourceQuality "1"]
[TimeControl "40/5400+30:1800+30"]

1. d4 {[%emt 0:00:00]} Nf6 {[%emt 0:00:00]} 2. c4 {[%emt 0:00:00]} g6 {[%emt 0:00:00]} 3. Nc3 {[%emt 0:00:00]} Bg7 {[%emt 0:00:00]} 4. e4 {[%emt 0:00:00]} d6 {[%emt 0:00:00]} 5. Be2 {[%emt 0:00:00]} O-O {[%emt 0:00:00]} 6. Be3 {[%emt 0:00:01]} c6 {[%emt 0:06:40]} 7. g4 {[%emt 0:06:36]} e5 {[%emt 0:06:12]} 8. d5 {[%emt 0:01:20]} cxd5 {[%emt 0:01:55]} 9. cxd5 {[%emt 0:00:07]} a5 {[%emt 0:01:48]} 10. h4 {[%emt 0:04:02]} Na6 {[%emt 0:02:54]} 11. h5 {[%emt 0:03:30]} Nc5 {[%emt 0:07:09]} 12. f3 {[%emt 0:06:18]} Bd7 {[%emt 0:11:10]} 13. Qd2 {[%emt 0:01:44]} Qe7 {[%emt 0:04:35]} 14. Nh3 {[%emt 0:12:10]} Rfc8 {[%emt 0:03:33]} 15. Nf2 {[%emt 0:06:14]} a4 {[%emt 0:02:46]} 16. Kf1 {[%emt 0:12:08]} Rab8 {[%emt 0:06:45]} 17. Rc1 {[%emt 0:06:12]} b5 {[%emt 0:00:39]} 18. Kg2 {[%emt 0:03:39]} b4 {[%emt 0:08:43]} 19. Ncd1 {[%emt 0:02:29]} Ne8 {[%emt 0:01:04]} 20. Nd3 {[%emt 0:07:52]} Bb5 {[%emt 0:07:28]} 21. Nxc5 {[%emt 0:08:59]} dxc5 {[%emt 0:02:04]} 22. b3 {[%emt 0:01:07]} a3 {[%emt 0:07:36]} 23. Bxb5 {[%emt 0:11:12]} Rxb5 {[%emt 0:00:04]} 24. Qe2 {[%emt 0:00:33]} Nd6 {[%emt 0:00:38]} 25. hxg6 {[%emt 0:01:20]} fxg6 {[%emt 0:02:48]} 26. Bf2 {[%emt 0:00:48]} Ra5 {[%emt 0:03:07]} 27. Ne3 {[%emt 0:00:11]} Nb5 {[%emt 0:02:07]} 28. Nc4 {[%emt 0:00:12]} Ra6 {[%emt 0:00:08]} 29. Nxe5 {[%emt 0:01:12]} Rb6 {[%emt 0:08:26]} 30. Nc6 {[%emt 0:00:43]} Rcxc6 {[%emt 0:00:35]} 31. dxc6 {[%emt 0:00:02]} Bd4 {[%emt 0:03:19]} 32. Qc4+ {[%emt 0:00:28]} Kg7 {[%emt 0:01:11]} 33. Bxd4+ {[%emt 0:00:40]} Nxd4 {[%emt 0:00:25]} 34. Qxd4+ {[%emt 0:02:42]} cxd4 {[%emt 0:00:09]} 35. c7 {[%emt 0:00:03]} Qg5 {[%emt 0:00:55]} 36. c8=Q {[%emt 0:00:22]} Qd2+ {[%emt 0:00:30]} 37. Kg3 {[%emt 0:00:09]} g5 {[%emt 0:00:34]} 38. Qc7+ {[%emt 0:00:15]} Kf8 {[%emt 0:00:11]} 39. Rxh7 {[%emt 0:00:31]} 1-0

[Event "WYCC 2018 O16"]
[Site "Halkidiki"]
[Date "2018.10.27"]
[Round "8"]
[White "Onslow, Alfie"]
[Black "Faerber, David"]
[Result "1/2-1/2"]
[WhiteElo "2037"]
[BlackElo "2279"]
[Annotator "NA"]
[PlyCount "77"]
[EventDate "2018.10.20"]
[EventType "swiss"]
[EventCountry "GRE"]
[SourceTitle "playchess.com"]
[Source "ChessBase"]
[SourceQuality "1"]
[TimeControl "40/5400+30:1800+30"]

1. e4 {[%emt 0:00:00]} c6 {[%emt 0:00:00]} 2. d4 {[%emt 0:00:30]} d5 {[%emt 0:00:06]} 3. e5 {[%emt 0:00:50]} Bf5 {[%emt 0:00:15]} 4. h4 {[%emt 0:00:16]} h5 {[%emt 0:00:43]} 5. Bd3 {[%emt 0:00:39]} Bxd3 {[%emt 0:00:39]} 6. Qxd3 {[%emt 0:00:02]} e6 {[%emt 0:00:35]} 7. Bg5 {[%emt 0:00:41]} Qa5+ {[%emt 0:03:57]} 8. Nd2 {[%emt 0:00:19]} Ne7 {[%emt 0:01:08]} 9. Ngf3 {[%emt 0:04:14]} Qa6 {[%emt 0:03:30]} 10. c4 {[%emt 0:01:41]} Nd7 {[%emt 0:01:54]} 11. b3 $11 {[%emt 0:05:59]} Nf5 {[%emt 0:06:45]} 12. Qc2 {[%emt 0:15:28]} Bb4 {[%emt 0:10:33]} 13. O-O {[%emt 0:01:32]} O-O {[%emt 0:01:57]} 14. a3 {[%emt 0:07:50]} Bxd2 {[%emt 0:09:51]} 15. Bxd2 {[%emt 0:01:05]} Rfc8 {[%emt 0:06:17]} 16. Rfc1 {[%emt 0:08:03]} dxc4 {[%emt 0:11:03]} 17. bxc4 {[%emt 0:00:14]} b5 {[%emt 0:00:18]} 18. c5 {[%emt 0:03:36]} Qb7 {[%emt 0:05:09]} 19. Ba5 {[%emt 0:07:07]} Nf8 {[%emt 0:02:57]} 20. g3 {[%emt 0:15:59]} Ng6 {[%emt 0:03:19]} 21. Qd2 {[%emt 0:00:43]} Qd7 {[%emt 0:01:56]} 22. Rd1 {[%emt 0:03:13]} Nge7 {[%emt 0:05:09]} 23. Qg5 {[%emt 0:03:35]} g6 {[%emt 0:00:54]} 24. Rd3 {[%emt 0:06:54]} Nd5 {[%emt 0:06:37]} 25. Qd2 {[%emt 0:01:13]} Kg7 {[%emt 0:05:37]} 26. Ng5 {[%emt 0:01:01]} a6 {[%emt 0:03:36]} 27. Ne4 {[%emt 0:02:20]} Re8 {[%emt 0:02:48]} 28. Re1 {[%emt 0:01:41]} Rab8 {[%emt 0:01:51]} 29. Rf3 {[%emt 0:01:43]} Rh8 {[%emt 0:00:53]} 30. Kg2 {[%emt 0:02:49]} Rbe8 {[%emt 0:00:55]} 31. Rd1 {[%emt 0:02:04]} Rb8 {[%emt 0:00:57]} 32. Re1 {[%emt 0:00:52]} Nxd4 {[%emt 0:01:38]} 33. Rd3 {[%emt 0:01:06]} Nf5 {[%emt 0:00:28]} 34. Nf6 {[%emt 0:00:08]} Qe7 {[%emt 0:01:02]} 35. Ne4 {[%emt 0:00:32]} Rb7 {[%emt 0:01:24]} 36. Nd6 {[%emt 0:00:37]} Rd7 {[%emt 0:00:33]} 37. Bc3 {[%emt 0:00:49]} Rdd8 {[%emt 0:00:36]} 38. Ba5 {[%emt 0:00:13]} Rd7 {[%emt 0:00:12]} 39. Bc3 {[%emt 0:00:12]} 1/2-1/2